00401nam a22001097a 450000500170000000800410001702000180005810000240007624501170010026000420021730000320025920260114112324.0260114b |||||||| |||| 00| 0 eng d a9789352697557 aAzvar Khan Mohammad aInternational Perspectives on Cyberbullyingb/International Perspectives on Cyberbullyingc/ Mohammad Azvar Khan aNew Delhi bRandom Publicationsc2021 a viii, 282pgsc23.5cmenone